L´altérité dans le conte fantastique français approche sur trois imaginaires : Nodier, Gautier et Mérimée

שמור ב:
מידע ביבליוגרפי
מחבר ראשי: Murillo Chinchilla, Verónica María
פורמט: ספר
שפה:Undetermined
יצא לאור: San José, Costa Rica Universidad de Costa Rica, Sistema de Estudios de Posgrado 2012
נושאים:
תגים: הוספת תג
אין תגיות, היה/י הראשונ/ה לתייג את הרשומה!

MARC

LEADER 00000nam a2200000Ia 4500
008 170316s9999 xx 000 0 und d
040 |a cru BVZT 
090 |a TESIS 877 
100 |a Murillo Chinchilla, Verónica María 
245 |a L´altérité dans le conte fantastique français approche sur trois imaginaires : Nodier, Gautier et Mérimée 
260 |a San José, Costa Rica 
260 |b Universidad de Costa Rica, Sistema de Estudios de Posgrado 
260 |c 2012 
300 |a 172 páginas 
650 |a TRABAJO FINAL DE GRADUACIÓN 
650 |a SEP 
650 |a EN IDIOMA INGLÉS 
650 |a MAESTRÍA ACADÉMICA EN LITERATURA FRANCESA 
650 |a ENFOQUE FRANCÉS DEL CUENTO FANTÁSTICO 
999 |c 14537  |d 14537 
942 |c TFG  |h TESIS 877  |2 z